In situ hybridization protocols
| Other Authors: | |
|---|---|
| Format: | Book |
| Language: | English |
| PhysicalDescription: | xi, 275 strán fotografie, ilustrácie 26 cm |
| Published: |
New York Heidelberg Dordrecht London
Humana Press Springer
[2014]
|
| ISBN: | 9781493955268 9781493914593 |
| ISSN: | 1064-3745 |
| Edition: | Fourth edition |
| Series: | Methods in molecular biology
Springer protocols |
| Subjects: |
MARC
| LEADER | 00000cam a2200000 4500 | ||
|---|---|---|---|
| 001 | vtls012137455 | ||
| 003 | SK-MaSNL | ||
| 005 | 20260301055624.0 | ||
| 008 | 220601s2014 xxuoa f n 001 0 eng | ||
| 015 | |a SNBZSA2023/02 | ||
| 020 | |a 9781493955268 |q (brožované) | ||
| 020 | |a 9781493914593 |q (eBook) | ||
| 022 | |a 1064-3745 | ||
| 040 | |a SNK |b slo |c SNK |e rda | ||
| 041 | 0 | |a eng | |
| 044 | |a xxu |c US |a gw |c DE |a ne |c NL |a xxk |c GB | ||
| 072 | 7 | |a 57 |x Všeobecná biológia |2 konspekt | |
| 072 | 7 | |a 577 |x Biochémia. Molekulárna biológia. Biofyzika |2 konspekt | |
| 080 | |a 57.088.7 |2 2011 | ||
| 080 | |a (048.8) |2 2011 | ||
| 080 | |a (082) |2 2011 | ||
| 080 | |a 577.2 |2 2011 | ||
| 080 | |a 577.113.8 |2 2001 | ||
| 245 | 0 | 0 | |a In situ hybridization protocols |c edited by Boye Schnack Nielsen |
| 250 | |a Fourth edition | ||
| 264 | 1 | |a New York |a Heidelberg |a Dordrecht |a London |b Humana Press |b Springer |c [2014] | |
| 264 | 4 | |c ©2014 | |
| 300 | |a xi, 275 strán |b fotografie, ilustrácie |c 26 cm | ||
| 336 | |a text |b txt |2 rdacontent | ||
| 337 | |a bez média |b n |2 rdamedia | ||
| 338 | |a zväzok |b nc |2 rdacarrier | ||
| 490 | 1 | |a Methods in molecular biology |v 1211 | |
| 490 | 1 | |a Springer protocols | |
| 500 | |a Obsahuje profesijné pôsobenie prispievateľov | ||
| 504 | |a Obsahuje bibliografiu za jednotlivými kapitolami a register | ||
| 650 | 0 | 7 | |a fluorescenčná in situ hybridizácia |2 SNKPH |9 215072 |
| 650 | 0 | 7 | |a Fluorescence in situ hybridization |2 SNKPHeng |9 369540 |
| 650 | 0 | 7 | |a molekulárna biológia |2 SNKPH |9 68116 |
| 650 | 0 | 7 | |a Molecular biology |2 SNKPHeng |9 75872 |
| 650 | 0 | 7 | |a RNA (nukleové kyseliny) |2 SNKPH |9 221011 |
| 650 | 0 | 7 | |a ribonucleic acids |2 SNKPHeng |9 369541 |
| 655 | 7 | |a štúdie |2 SNKPH |9 57033 | |
| 655 | 7 | |a zborníky |2 SNKPH |9 70165 | |
| 655 | 7 | |a Studies |2 SNKPHeng |9 265573 | |
| 655 | 7 | |a Papers of several authors |2 SNKPHeng |9 153738 | |
| 700 | 1 | |a Nielsen, Boye Schnack |4 edt |9 369542 | |
| 830 | 0 | |a Methods in molecular biology |9 331148 | |
| 830 | 0 | |a Springer protocols |9 331149 | |
| 852 | |a Slovenská národná knižnica | ||
| 919 | |a 978-1-4939-5526-8 | ||
| 919 | |a 978-1-4939-1459-3 | ||
| 954 | |a odborná, vedecká literatúra cudzojazyčná (svetová) |2 lita | ||
| 954 | |a odborná, vedecká literatúra pôvodná (slovenská) |2 lita | ||
| 958 | |a ZS | ||
| 958 | |a NB | ||
| 999 | |c 613786 |d 615716 | ||
| 952 | |a SNK |b SNK |y PREZ |7 0 |p 17A1517974 |o snkSB 98726 |i snk2023/1373 |8 4 |g 115.23 |0 0 |1 0 |4 0 |d 2022-06-01 |f 1 |l 0 |r 2025-05-22 00:00:00 |w 2026-02-23 | ||


